Calcul mental #7 - Statistiques

Statistiques générales
  • Ce quiz a été pris 79 fois
  • Le résultat moyen est 40 sur 50
Statistiques - réponses
Opération Réponse % Correct
9 + 1 = 10
100%
? + 9 = 12 3
100%
8 + ? = 11 3
100%
7 : ? = 1 7
100%
-9 x 1 = -9
100%
-1 + -10 = -11
99%
-1 + ? = -11 -10
97%
-8 - -1 = -7
89%
-1 x -8 = 8
88%
? - -3 = -4 -7
86%
-5 - 3 = -8
85%
6 x -10 = -60
83%
5 : 5 = 1
82%
1 x -4 = -4
82%
-10 x ? = -80 8
82%
-7 + 7 = 0
81%
-5 - -6 = 1
81%
? - 9 = 1 10
81%
? : 3 = -4 -12
81%
1 + 2 = 3
81%
? - 3 = -7 -4
81%
-5 - -9 = 4
81%
3 + ? = 8 5
81%
-7 + 6 = -1
79%
-100 : ? = 10 -10
79%
-5 x -3 = 15
79%
-8 + -10 = -18
79%
? x 10 = -30 -3
79%
-9 - ? = -5 -4
79%
? x 8 = -48 -6
79%
9 x -7 = -63
79%
-6 : ? = -2 3
78%
-4 x -7 = 28
76%
-21 : ? = -7 3
76%
-48 : 8 = -6
76%
-28 : ? = -4 7
75%
? - -2 = 3 1
74%
? : -2 = 6 -12
74%
9 x 9 = 81
71%
-3 - ? = 7 -10
69%
-4 x ? = 24 -6
69%
-60 : 6 = -10
68%
2 + 9 = 11
68%
? : 8 = -9 -72
67%
9 x ? = -63 -7
65%
14 - ? = 6 8
65%
-9 + ? = -16 -7
64%
-1 + ? = -9 -8
64%
-10 - -3 = -7
61%
? : -1 = -6 6
57%
Aucun quiz correspondant
Distribution des résultats
% des personnes avec chaque résultat
Percentile par nombre de réponses
Votre historique - résultats
Vous n’avez pas pris ce quiz